| 000 | 01056cam a22002531 4500 | ||
|---|---|---|---|
| 001 | l 34000104 | ||
| 003 | DLC | ||
| 005 | 20260227111534.0 | ||
| 008 | 800521s1934 dcua f000 0 eng c | ||
| 010 | _al 34000104 | ||
| 035 | _a(OCoLC)6342895 | ||
| 040 |
_aLibrary, U.S. Dept. of Labor _cOCl _dOCoLC _dDLC |
||
| 042 | _apremarc | ||
| 050 | 0 | 0 |
_aHD6093 _b.A35 no. 115 |
| 110 | 1 |
_aUnited States. _bWomen's Bureau. |
|
| 245 | 1 | 0 |
_aWomen at work; _ba century of industrial change ... _cUnited States Department of Labor. Women's Bureau. |
| 260 |
_aWashington, _bU.S. Govt. print. off., _c1934. |
||
| 300 |
_aiii, 60 p. _billus. _c18 cm. |
||
| 490 | 1 |
_aIts Bulletin _vno. 115 |
|
| 500 | _a"Written for distribution at the Century of progress, Chicago, in 1933, by Eleanor Nelson ... For the 1934 continuation of the Century of progress, Miss Nelson has added a chapter on women and the N.R.A."--p. ii. | ||
| 650 | 0 |
_aWomen _xEmployment _zUnited States. |
|
| 700 | 1 |
_aNelson, Eleanor, _d1906- |
|
| 810 | 1 |
_aUnited States. _bWomen's Bureau. _tBulletin _vno. 115. |
|
| 999 |
_c36140 _d36140 |
||